[Event "Titled Tuesday intern op 02nd Apr Early"]
[Site "Chess.com INT"]
[Date "2024.04.02"]
[Round "1"]
[White "Domalchuk Jonasson, Aleksandr"]
[Black "Bobkov, Vadim"]
[Result "1-0"]
[WhiteElo "2368"]
[BlackElo "2267"]
[PlyCount "79"]
[EventDate "2024.04.02"]
[EventType "swiss (blitz)"]
[EventRounds "11"]
[EventCountry "USA"]
[SourceTitle "CB15_2024"]
[SourceDate "2024.04.10"]
[SourceVersion "1"]
[SourceVersionDate "2024.04.10"]
[SourceQuality "1"]

1. g3 d5 2. Bg2 c5 3. Nf3 Nc6 4. c4 d4 5. 0-0 e5 6. e3 Bd6 7. exd4 exd4 8. Re1+ Nge7 9. d3 0-0 10. Nbd2 f5 11. a3 a5 12. b3 h6 13. Bb2 Ng6 14. Rb1 Qc7 15. h3 Bd7 16. Qc2 Bxg3 17. fxg3 Qxg3 18. Nf1 Qd6 19. Qf2 Nf4 20. Qg3 Rae8 21. Bc1 Rxe1 22. Bxf4 Qxf4 23. Rxe1 Qxg3 24. Nxg3 a4 25. bxa4 Ra8 26. Ne5 Nxe5 27. Rxe5 Rxa4 28. Nxf5 Rxa3 29. Be4 b6 30. Ne7+ Kf7 31. Nd5 Bxh3 32. Re7+ Kf8 33. Bg6 Ra8 34. Rf7+ Kg8 35. Nxb6 Ra6 36. Rb7 Kf8 37. Nd5 Rxg6+ 38. Kh2 Bf5 39. Rc7 Bxd3 40. Nf4 1-0

[Event "Titled Tuesday intern op 02nd Apr Early"]
[Site "Chess.com INT"]
[Date "2024.04.02"]
[Round "3"]
[White "Murthy, Pappu LN"]
[Black "Bobkov, Vadim"]
[Result "0-1"]
[WhiteElo "1893"]
[BlackElo "2267"]
[PlyCount "141"]
[EventDate "2024.04.02"]
[EventType "swiss (blitz)"]
[EventRounds "11"]
[EventCountry "USA"]
[SourceTitle "CB15_2024"]
[SourceDate "2024.04.10"]
[SourceVersion "1"]
[SourceVersionDate "2024.04.10"]
[SourceQuality "1"]

1. e4 c5 2. Nf3 g6 3. d4 cxd4 4. Nxd4 Nc6 5. c4 Nf6 6. Nc3 Nxd4 7. Qxd4 d6 8. Be3 Bg7 9. Qd2 0-0 10. Be2 a5 11. 0-0 a4 12. f3 Be6 13. b3 axb3 14. axb3 Nd7 15. Rxa8 Qxa8 16. Bh6 Qa5 17. Bxg7 Kxg7 18. Rd1 Ra8 19. Nd5 Bxd5 20. exd5 Qxd2 21. Rxd2 Ra3 22. Bd1 Ra1 23. Kf2 Kf6 24. Be2 Rb1 25. Bd1 Nc5 26. g3 Nxb3 27. Bxb3 Rxb3 28. Rc2 b6 29. h4 h5 30. g4 hxg4 31. fxg4 Rh3 32. g5+ Kf5 33. Kg2 Rxh4 34. Rf2+ Kxg5 35. Rxf7 Rxc4 36. Rxe7 Rc5 37. Rb7 b5 38. Kf3 Rxd5 39. Rb6 Kf5 40. Kg3 g5 41. Kf3 g4+ 42. Kg3 Kg5 43. Kf2 Kf4 44. Rb8 g3+ 45. Kg2 Rd2+ 46. Kf1 Rb2 47. Rf8+ Ke4 48. Re8+ Kd4 49. Rg8 g2+ 50. Kg1 d5 51. Rg4+ Kd3 52. Rg5 Kc4 53. Rg8 b4 54. Rc8+ Kd3 55. Rd8 d4 56. Rg8 b3 57. Rg3+ Kc4 58. Rg4 Rc2 59. Rg8 b2 60. Rc8+ Kd3 61. Rb8 Rc1+ 62. Kxg2 b1Q 63. Rxb1 Rxb1 64. Kf3 Re1 65. Kf4 Kc2 66. Kf5 d3 67. Kf6 d2 68. Kg5 d1Q 69. Kg6 Re2 70. Kh7 Qf1 71. Kg7 0-1

[Event "Titled Tuesday intern op 15th Aug Early"]
[Site "Chess.com INT"]
[Date "2023.08.15"]
[Round "5"]
[White "Bobkov, Vadim"]
[Black "Bilan, Danila"]
[Result "1-0"]
[WhiteElo "2267"]
[BlackElo "2303"]
[PlyCount "71"]
[EventDate "2023.08.15"]
[EventType "swiss (blitz)"]
[EventRounds "11"]
[EventCountry "USA"]
[SourceTitle "EXT 2024"]
[Source "ChessBase"]
[SourceDate "2023.10.10"]
[SourceVersion "1"]
[SourceVersionDate "2023.10.10"]
[SourceQuality "1"]

1. d4 d5 2. c4 c6 3. Nc3 Nf6 4. e3 e6 5. Nf3 Nbd7 6. Be2 Bd6 7. 0-0 0-0 8. b3 Ne4 9. Nxe4 dxe4 10. Nd2 f5 11. f3 exf3 12. Nxf3 e5 13. c5 Bc7 14. Bc4+ Kh8 15. e4 exd4 16. Ng5 Ne5 17. Qh5 h6 18. Ne6 Bxe6 19. Bxe6 Qe8 20. Qxe8 Raxe8 21. exf5 Nd3 22. Ba3 Bf4 23. g3 Be3+ 24. Kg2 g6 25. Rad1 Nf2 26. Rde1 Ne4 27. Bb2 Kh7 28. fxg6+ Kxg6 29. Bd7 Rd8 30. Bg4 Nd2 31. Rxf8 Rxf8 32. Re2 h5 33. Be6 Nf1 34. Bc4 Nd2 35. Bd3+ Kg5 36. Bc1 1-0

[Event "Titled Tuesday intern op 15th Aug Late"]
[Site "Chess.com INT"]
[Date "2023.08.15"]
[Round "3"]
[White "Bobkov, Vadim"]
[Black "Pein, Malcolm"]
[Result "0-1"]
[WhiteElo "2267"]
[BlackElo "2303"]
[PlyCount "34"]
[EventDate "2023.08.15"]
[EventType "swiss (blitz)"]
[EventRounds "11"]
[EventCountry "USA"]
[SourceTitle "EXT 2024"]
[Source "ChessBase"]
[SourceDate "2023.10.10"]
[SourceVersion "1"]
[SourceVersionDate "2023.10.10"]
[SourceQuality "1"]

1. d4 Nf6 2. c4 d6 3. Nf3 Nbd7 4. Nc3 e5 5. Bg5 Be7 6. e3 0-0 7. Be2 h6 8. Bh4 Re8 9. 0-0 c6 10. h3 Qc7 11. Bg3 Bf8 12. Nd2 exd4 13. exd4 Qb6 14. Nb3 a5 15. Na4 Qb4 16. Nc3 a4 17. Nd2 Qxb2 0-1

[Event "Titled Tuesday intern op 11th Jul Late"]
[Site "Chess.com INT"]
[Date "2023.07.11"]
[Round "5"]
[White "Bobkov, Vadim"]
[Black "Harriott, Tyrell"]
[Result "0-1"]
[WhiteElo "2249"]
[BlackElo "1819"]
[PlyCount "60"]
[EventDate "2023.07.11"]
[EventType "swiss (blitz)"]
[EventRounds "11"]
[EventCountry "USA"]
[SourceTitle "EXT 2024"]
[Source "ChessBase"]
[SourceDate "2023.10.10"]
[SourceVersion "1"]
[SourceVersionDate "2023.10.10"]
[SourceQuality "1"]

1. d4 e6 2. c4 d5 3. Nc3 f5 4. Nf3 c6 5. Bf4 Ne7 6. h3 Ng6 7. Bh2 Be7 8. e3 0-0 9. Bd3 Nd7 10. Qc2 Nf6 11. 0-0 Ne4 12. Nd2 Bg5 13. Rae1 Qf6 14. Bxe4 dxe4 15. Bd6 Re8 16. f4 Bh6 17. Be5 Nxe5 18. dxe5 Qh4 19. c5 b6 20. b4 Ba6 21. Ne2 Bd3 22. Qb3 b5 23. Rf2 Kh8 24. Nd4 g5 25. Nxe6 g4 26. Nc7 gxh3 27. Nxe8 h2+ 28. Kh1 Qxf2 29. Rf1 Bxf1 30. Qf7 Qxg2# 0-1

[Event "Titled Tuesday intern op 11th Jul Late"]
[Site "Chess.com INT"]
[Date "2023.07.11"]
[Round "3"]
[White "Bobkov, Vadim"]
[Black "Manon Og, Ramon Jr"]
[Result "1-0"]
[WhiteElo "2249"]
[BlackElo "1991"]
[PlyCount "147"]
[EventDate "2023.07.11"]
[EventType "swiss (blitz)"]
[EventRounds "11"]
[EventCountry "USA"]
[SourceTitle "EXT 2024"]
[Source "ChessBase"]
[SourceDate "2023.10.10"]
[SourceVersion "1"]
[SourceVersionDate "2023.10.10"]
[SourceQuality "1"]

1. d4 Nf6 2. c4 g6 3. Nc3 d5 4. Bf4 Bg7 5. e3 0-0 6. cxd5 Nxd5 7. Nxd5 Qxd5 8. Bxc7 e5 9. dxe5 Qe4 10. Nf3 Bg4 11. Be2 Nc6 12. 0-0 Nxe5 13. Nxe5 Bxe2 14. Qxe2 Bxe5 15. Bxe5 Qxe5 16. h3 Rfd8 17. Rfd1 Rac8 18. Rac1 Qa5 19. Rxc8 Rxc8 20. a3 Qa4 21. Rd2 Rc1+ 22. Kh2 Qe4 23. Qf3 Qxf3 24. gxf3 Rc7 25. Kg3 Kg7 26. f4 Kf6 27. e4 Ke6 28. Kf3 h5 29. Ke3 a5 30. Rd5 Rc2 31. Rb5 a4 32. Rxb7 Rc1 33. Kf3 Rh1 34. Kg2 Rb1 35. Rb4 Kf6 36. Kf3 Rh1 37. Kg2 Rb1 38. Rb6+ Ke7 39. f5 gxf5 40. exf5 h4 41. Kf3 Rh1 42. Kg4 Rf1 43. f4 Rf2 44. f6+ Kd7 45. Rb4 Ke6 46. Rb6+ Kd7 47. Kxh4 Rxf4+ 48. Kg5 Rf2 49. h4 Rg2+ 50. Kh6 Kc7 51. Ra6 Kb7 52. Rxa4 Rg6+ 53. Kh7 Rxf6 54. Rb4+ Kc7 55. h5 Rf1 56. h6 f5 57. Kg7 Rh1 58. h7 Rg1+ 59. Kf6 Rh1 60. Kg6 Kc6 61. Kg7 Rg1+ 62. Kf8 Rh1 63. Kg8 Rg1+ 64. Kf8 Rh1 65. Kg7 Rg1+ 66. Kh6 Rh1+ 67. Kg6 Rg1+ 68. Kxf5 Rh1 69. Kg6 Rg1+ 70. Kf6 Rh1 71. Kg6 Rg1+ 72. Kh5 Rh1+ 73. Rh4 Rg1 74. h8Q 1-0

[Event "Titled Tuesday intern op 11th Jul Early"]
[Site "Chess.com INT"]
[Date "2023.07.11"]
[Round "4"]
[White "Bobkov, Vadim"]
[Black "Urbina Perez, Juan Antonio"]
[Result "1/2-1/2"]
[WhiteElo "2249"]
[BlackElo "2266"]
[PlyCount "33"]
[EventDate "2023.07.11"]
[EventType "swiss (blitz)"]
[EventRounds "11"]
[EventCountry "USA"]
[SourceTitle "EXT 2024"]
[Source "ChessBase"]
[SourceDate "2023.10.10"]
[SourceVersion "1"]
[SourceVersionDate "2023.10.10"]
[SourceQuality "1"]

1. d4 d5 2. c4 c6 3. cxd5 cxd5 4. Bg5 Nc6 5. Nc3 h6 6. Bh4 g5 7. Bg3 Bg7 8. e3 Nf6 9. Bd3 Qb6 10. Nge2 Bg4 11. f3 Bh5 12. 0-0 0-0 13. Na4 Qa5 14. Nc5 Qb6 15. Na4 Qa5 16. Nc5 Qb6 17. Na4 1/2-1/2

[Event "Titled Tuesday intern op 11th Jul Late"]
[Site "Chess.com INT"]
[Date "2023.07.11"]
[Round "4"]
[White "Davidson, Kevin"]
[Black "Bobkov, Vadim"]
[Result "0-1"]
[WhiteElo "2154"]
[BlackElo "2249"]
[PlyCount "56"]
[EventDate "2023.07.11"]
[EventType "swiss (blitz)"]
[EventRounds "11"]
[EventCountry "USA"]
[SourceTitle "EXT 2024"]
[Source "ChessBase"]
[SourceDate "2023.10.10"]
[SourceVersion "1"]
[SourceVersionDate "2023.10.10"]
[SourceQuality "1"]

1. e4 c5 2. Nf3 g6 3. d4 cxd4 4. Qxd4 Nf6 5. e5 Nc6 6. Qa4 Nd5 7. Qe4 Nb6 8. Nc3 Bg7 9. Bf4 d5 10. exd6 Bf5 11. Qe3 0-0 12. 0-0-0 exd6 13. Rxd6 Qc8 14. Bh6 Re8 15. Qd2 Bh8 16. Bb5 a6 17. Be2 Nb4 18. Rxb6 Bxc3 19. bxc3 Rxe2 20. Qxe2 Nxa2+ 21. Kb2 Qxc3+ 22. Kxa2 Qa5+ 23. Kb2 Qxb6+ 24. Kc1 Rc8 25. Re1 f6 26. c4 Qb1+ 27. Kd2 Qc2+ 28. Ke3 Re8+ 0-1

[Event "Titled Tuesday intern op 11th Jul Early"]
[Site "Chess.com INT"]
[Date "2023.07.11"]
[Round "10"]
[White "Dwilewicz, Katarzyna"]
[Black "Bobkov, Vadim"]
[Result "1-0"]
[WhiteElo "2134"]
[BlackElo "2249"]
[PlyCount "69"]
[EventDate "2023.07.11"]
[EventType "swiss (blitz)"]
[EventRounds "11"]
[EventCountry "USA"]
[SourceTitle "EXT 2024"]
[Source "ChessBase"]
[SourceDate "2023.10.10"]
[SourceVersion "1"]
[SourceVersionDate "2023.10.10"]
[SourceQuality "1"]

1. e4 c5 2. Nf3 g6 3. c3 Bg7 4. d4 cxd4 5. cxd4 d5 6. e5 a6 7. h3 Nc6 8. Nc3 f6 9. exf6 Nxf6 10. Bg5 0-0 11. Bd3 Qd6 12. 0-0 Nh5 13. Re1 e6 14. Bf1 Bd7 15. Rc1 Rf7 16. Na4 Raf8 17. Be2 Nf4 18. Bxf4 Rxf4 19. Nc5 Nxd4 20. Nxd7 Qxd7 21. Nxd4 Bxd4 22. Bf3 Rxf3 23. gxf3 e5 24. Kg2 Qf5 25. Qb3 Qg5+ 26. Kf1 e4 27. Rcd1 Bxf2 28. Qxd5+ Qxd5 29. Rxd5 Bxe1 30. Kxe1 exf3 31. Kf2 Kg7 32. b4 Rf7 33. a4 h6 34. h4 Kh7 35. Rd6 1-0

[Event "Titled Tuesday intern op 11th Jul Early"]
[Site "Chess.com INT"]
[Date "2023.07.11"]
[Round "5"]
[White "Santos Flores, Alberto Javier"]
[Black "Bobkov, Vadim"]
[Result "1-0"]
[WhiteElo "2164"]
[BlackElo "2249"]
[PlyCount "61"]
[EventDate "2023.07.11"]
[EventType "swiss (blitz)"]
[EventRounds "11"]
[EventCountry "USA"]
[SourceTitle "EXT 2024"]
[Source "ChessBase"]
[SourceDate "2023.10.10"]
[SourceVersion "1"]
[SourceVersionDate "2023.10.10"]
[SourceQuality "1"]

1. e4 c5 2. Nf3 g6 3. d4 cxd4 4. Nxd4 Nc6 5. Nc3 Bg7 6. Be3 Nf6 7. Bc4 0-0 8. Bb3 Re8 9. f3 e6 10. f4 d6 11. Ndb5 d5 12. e5 Nd7 13. Nd6 Rf8 14. Ne2 f6 15. exf6 Nxf6 16. Nxc8 Qxc8 17. 0-0 Ng4 18. Bc5 Bxb2 19. Rb1 Bf6 20. h3 Nh6 21. Bxf8 Qxf8 22. g4 Bg7 23. c3 Qc5+ 24. Kg2 Rf8 25. Rc1 Kh8 26. Nd4 Nxd4 27. cxd4 Qxd4 28. Qxd4 Bxd4 29. Rc7 Bb6 30. Rxb7 Rc8 31. Re1 1-0

[Event "Titled Tuesday intern op 11th Jul Early"]
[Site "Chess.com INT"]
[Date "2023.07.11"]
[Round "2"]
[White "Stojanovski, Sandi"]
[Black "Bobkov, Vadim"]
[Result "0-1"]
[WhiteElo "2179"]
[BlackElo "2249"]
[PlyCount "62"]
[EventDate "2023.07.11"]
[EventType "swiss (blitz)"]
[EventRounds "11"]
[EventCountry "USA"]
[SourceTitle "EXT 2024"]
[Source "ChessBase"]
[SourceDate "2023.10.10"]
[SourceVersion "1"]
[SourceVersionDate "2023.10.10"]
[SourceQuality "1"]

1. d3 Nf6 2. Nf3 g6 3. g3 Bg7 4. Bg2 0-0 5. 0-0 d6 6. c4 c6 7. Nc3 Qa5 8. Rb1 Qh5 9. Bg5 Bh3 10. Bxf6 Bxf6 11. Ne4 Bg7 12. b4 Nd7 13. b5 c5 14. Bxh3 Qxh3 15. e3 Ne5 16. Nxe5 Bxe5 17. f4 Bg7 18. Qf3 a6 19. bxa6 Rxa6 20. Rxb7 Rxa2 21. Nf2 Qe6 22. Rfb1 h5 23. Qe4 Qf6 24. Rxe7 Qc3 25. Re8 Qd2 26. Rxf8+ Bxf8 27. Rf1 Qe2 28. Kg2 h4 29. gxh4 Qg4+ 30. Kh1 Qxh4 31. Qf3 Bg7 0-1

[Event "Titled Tuesday intern op 11th Jul Late"]
[Site "Chess.com INT"]
[Date "2023.07.11"]
[Round "7"]
[White "Villuendas Valero, Adrian"]
[Black "Bobkov, Vadim"]
[Result "1-0"]
[WhiteElo "2273"]
[BlackElo "2249"]
[PlyCount "53"]
[EventDate "2023.07.11"]
[EventType "swiss (blitz)"]
[EventRounds "11"]
[EventCountry "USA"]
[SourceTitle "EXT 2024"]
[Source "ChessBase"]
[SourceDate "2023.10.10"]
[SourceVersion "1"]
[SourceVersionDate "2023.10.10"]
[SourceQuality "1"]

1. e4 c5 2. Nf3 g6 3. d4 cxd4 4. Qxd4 Nf6 5. Nc3 Nc6 6. Qa4 d6 7. e5 dxe5 8. Nxe5 Bd7 9. Nxd7 Nxd7 10. Be3 Bg7 11. Bb5 0-0 12. 0-0 Nb6 13. Qh4 e6 14. Bg5 Qd4 15. Qg3 Qb4 16. Rab1 Nd5 17. Nxd5 exd5 18. Bd3 Rfe8 19. c3 Qa5 20. a3 d4 21. cxd4 Nxd4 22. Rfd1 Ne2+ 23. Bxe2 Rxe2 24. b4 Qb6 25. Be3 Qe6 26. Qf3 Ra2 27. Qxb7 1-0

[Event "Titled Tuesday intern op 17th Jan Early"]
[Site "Chess.com INT"]
[Date "2023.01.17"]
[Round "2"]
[White "Bobkov, Vadim"]
[Black "Gressmann, Moritz"]
[Result "0-1"]
[WhiteElo "2249"]
[BlackElo "2132"]
[PlyCount "64"]
[EventDate "2023.01.17"]
[EventType "swiss (blitz)"]
[EventRounds "11"]
[EventCountry "USA"]
[SourceTitle "CBM 212 Extra"]
[Source "ChessBase"]
[SourceDate "2023.03.31"]
[SourceVersion "1"]
[SourceVersionDate "2023.03.31"]
[SourceQuality "1"]

1. d4 d5 2. c4 e6 3. Nc3 Nf6 4. cxd5 exd5 5. Bg5 Be7 6. e3 0-0 7. Bd3 c5 8. Nge2 c4 9. Bc2 Bg4 10. f3 Bh5 11. Nf4 Bg6 12. Nxg6 hxg6 13. 0-0 Nc6 14. a3 Nh5 15. Bxe7 Nxe7 16. e4 dxe4 17. fxe4 Nc6 18. Nd5 Qh4 19. g4 Nf6 20. Nxf6+ gxf6 21. Ba4 Kg7 22. Bxc6 bxc6 23. Rc1 Rh8 24. Rf2 Rae8 25. Qf3 Qg5 26. Rxc4 Rh4 27. h3 Reh8 28. Kg2 Rxh3 29. Qxh3 Rxh3 30. Kxh3 Qe3+ 31. Kg2 Qxe4+ 32. Kg3 Qd3+ 0-1

[Event "Titled Tuesday intern op 17th Jan Early"]
[Site "Chess.com INT"]
[Date "2023.01.17"]
[Round "5"]
[White "Bobkov, Vadim"]
[Black "Ruiz Aguilar, Pablo Alexander"]
[Result "0-1"]
[WhiteElo "2249"]
[BlackElo "2161"]
[PlyCount "82"]
[EventDate "2023.01.17"]
[EventType "swiss (blitz)"]
[EventRounds "11"]
[EventCountry "USA"]
[SourceTitle "CBM 212 Extra"]
[Source "ChessBase"]
[SourceDate "2023.03.31"]
[SourceVersion "1"]
[SourceVersionDate "2023.03.31"]
[SourceQuality "1"]

1. d4 d5 2. c4 c6 3. cxd5 cxd5 4. Bg5 Nc6 5. Nc3 h6 6. Bh4 g5 7. Bg3 Bg7 8. e3 Nf6 9. Bd3 a6 10. Rc1 Bg4 11. f3 Be6 12. Qb3 Ra7 13. Nge2 0-0 14. 0-0 Na5 15. Qd1 b5 16. b3 Qb6 17. Bf2 Rc7 18. e4 Rfc8 19. e5 Nd7 20. f4 gxf4 21. Qd2 Nc6 22. Nxf4 Nb4 23. Bb1 Qb7 24. a3 Nc6 25. Ncxd5 Bxd5 26. Nxd5 e6 27. Nxc7 Rxc7 28. Be3 Ne7 29. Bxh6 Rxc1 30. Qxc1 Qd5 31. Qg5 Qxd4+ 32. Kh1 Qxe5 33. Qxe5 Nxe5 34. Bxg7 Kxg7 35. Rc1 Nd5 36. Rc8 Ng4 37. h3 Nf2+ 38. Kh2 Nd1 39. Ra8 N1c3 40. Bd3 Na2 41. Rxa6 Nc1 0-1

[Event "Titled Tuesday intern op 10th Jan Early"]
[Site "Chess.com INT"]
[Date "2023.01.10"]
[Round "7"]
[White "Zanette, Edgard Vinicius"]
[Black "Bobkov, Vadim"]
[Result "0-1"]
[WhiteElo "2085"]
[BlackElo "2249"]
[PlyCount "100"]
[EventDate "2023.01.10"]
[EventType "swiss (blitz)"]
[EventRounds "11"]
[EventCountry "USA"]
[SourceTitle "EXT 2024"]
[Source "ChessBase"]
[SourceDate "2023.10.10"]
[SourceVersion "1"]
[SourceVersionDate "2023.10.10"]
[SourceQuality "1"]

1. e4 c5 2. Nc3 g6 3. f4 Bg7 4. Nf3 Nc6 5. Bb5 Nd4 6. Bd3 Nf6 7. Nxd4 cxd4 8. Ne2 0-0 9. 0-0 d5 10. e5 Ne4 11. Nxd4 Qb6 12. c3 f6 13. exf6 Bxf6 14. Bxe4 Bxd4+ 15. cxd4 Qxd4+ 16. Kh1 dxe4 17. Qb3+ Kg7 18. Qc3 e5 19. Qxd4 exd4 20. b3 Bf5 21. Bb2 Rfd8 22. Rac1 Rd7 23. Rc4 Rad8 24. Rfc1 Kf7 25. Kg1 Ke6 26. Kf2 h5 27. h3 a6 28. Rc5 Rd5 29. Rc7 R5d7 30. R7c5 Kf7 31. Rc7 Ke6 32. R1c5 d3 33. Re5+ Kf7 34. Rcc5 Re7 35. Rxe7+ Kxe7 36. Be5 Rd7 37. Ke3 Ke6 38. Rc4 Ke7 39. g4 hxg4 40. hxg4 Bxg4 41. Rxe4 Bf5 42. Rc4 Ke6 43. Rc5 Rh7 44. Rc7 Rh3+ 45. Kd4 Rh2 46. Kc3 Re2 47. Rxb7 g5 48. Rb6+ Kd5 49. Bb8 g4 50. Rxa6 g3 0-1

[Event "Titled Tuesday intern op 20th Dec Early"]
[Site "Chess.com INT"]
[Date "2022.12.20"]
[Round "2"]
[White "Ronka, Erik"]
[Black "Bobkov, Vadim"]
[Result "1-0"]
[WhiteElo "2253"]
[BlackElo "2249"]
[PlyCount "143"]
[EventDate "2022.12.20"]
[EventType "swiss (blitz)"]
[EventRounds "11"]
[EventCountry "USA"]
[SourceTitle "EXT 2024"]
[Source "ChessBase"]
[SourceDate "2023.10.10"]
[SourceVersion "1"]
[SourceVersionDate "2023.10.10"]
[SourceQuality "1"]

1. e4 c5 2. Nf3 e6 3. d4 cxd4 4. Nxd4 Nf6 5. Nc3 Bb4 6. e5 Nd5 7. Qg4 0-0 8. Bh6 g6 9. a3 f5 10. exf6 Bxc3+ 11. bxc3 Nxf6 12. Qh4 Qa5 13. Nb5 Rf7 14. Qb4 Nc6 15. Qxa5 Nxa5 16. Nd6 Re7 17. Bg5 Kg7 18. Ne4 Nxe4 19. Bxe7 Nc6 20. Bd3 Nxc3 21. Bg5 d6 22. 0-0 Bd7 23. Bd2 Nd5 24. c4 Nde7 25. Bc3+ Kf7 26. Rad1 Rd8 27. Be4 Be8 28. Bb4 Nc8 29. Rfe1 b6 30. Bf3 a5 31. Bc3 N8e7 32. Rb1 Nc8 33. Bxc6 Bxc6 34. Bd4 a4 35. Bxb6 Rd7 36. Be3 Ne7 37. Red1 Be4 38. Rb6 d5 39. Bg5 Nf5 40. g4 Nd6 41. cxd5 exd5 42. Rb4 Nc4 43. Rxc4 Rb7 44. Rb4 Rc7 45. Be3 Bf3 46. Rc1 Rd7 47. h4 Ke6 48. Kh2 h5 49. Kg3 Bxg4 50. Rxg4 hxg4 51. Kxg4 d4 52. Bf4 Kd5 53. Rd1 Kc4 54. Kg5 Kb3 55. Rd3+ Kc2 56. Rg3 d3 57. Kxg6 d2 58. Bxd2 Rxd2 59. f4 Kb2 60. f5 Rh2 61. h5 Rc2 62. f6 Rc3 63. Rg1 Rxa3 64. f7 Rf3 65. Kg7 a3 66. f8Q Rb3 67. Qf2+ Kc3 68. Rg3+ Kb4 69. Rxb3+ Kxb3 70. h6 a2 71. Qxa2+ Kxa2 72. h7 1-0

[Event "Titled Tuesday intern op 29th Nov Late"]
[Site "Chess.com INT"]
[Date "2022.11.29"]
[Round "3"]
[White "Bobkov, Vadim"]
[Black "Foerster Yialamas, Lucas"]
[Result "1-0"]
[WhiteElo "2249"]
[BlackElo "2125"]
[PlyCount "83"]
[EventDate "2022.11.29"]
[EventType "swiss (blitz)"]
[EventRounds "11"]
[EventCountry "USA"]
[SourceTitle "EXT 2024"]
[Source "ChessBase"]
[SourceDate "2023.10.10"]
[SourceVersion "1"]
[SourceVersionDate "2023.10.10"]
[SourceQuality "1"]

1. d4 Nf6 2. Nf3 e6 3. g3 d5 4. Bg2 Ne4 5. 0-0 c6 6. Nbd2 f5 7. Ne5 Nd7 8. Nd3 Bd6 9. Nf3 h6 10. Nfe5 Nxe5 11. dxe5 Bc7 12. f3 Bb6+ 13. Kh1 Nc5 14. e4 dxe4 15. fxe4 Nxd3 16. Qh5+ Ke7 17. cxd3 Rf8 18. b3 Bd4 19. Ba3+ c5 20. Qg6 Rf7 21. Rac1 Qa5 22. exf5 Qxa3 23. f6+ gxf6 24. exf6+ Bxf6 25. Rc4 e5 26. d4 Be6 27. Rxc5 Raf8 28. Rc7+ Kd6 29. Rxf7 Rxf7 30. dxe5+ Kxe5 31. Qd3 Bg5 32. Qc3+ Kd6 33. Rd1+ Ke7 34. Qc7+ Kf6 35. Rf1+ Kg6 36. Be4+ Kg7 37. Qe5+ Kf8 38. Rd1 Bd7 39. Qh8+ Ke7 40. Bd5 Qc5 41. Re1+ Kd6 42. Qe5# 1-0

[Event "Titled Tuesday intern op 29th Nov Late"]
[Site "Chess.com INT"]
[Date "2022.11.29"]
[Round "6"]
[White "Bobkov, Vadim"]
[Black "Indjic, Aleksandar"]
[Result "1/2-1/2"]
[WhiteElo "2249"]
[BlackElo "2631"]
[PlyCount "190"]
[EventDate "2022.11.29"]
[EventType "swiss (blitz)"]
[EventRounds "11"]
[EventCountry "USA"]
[SourceTitle "EXT 2024"]
[Source "ChessBase"]
[SourceDate "2023.10.10"]
[SourceVersion "1"]
[SourceVersionDate "2023.10.10"]
[SourceQuality "1"]

1. d4 Nf6 2. c4 e6 3. Nc3 c5 4. d5 exd5 5. cxd5 d6 6. Nf3 g6 7. Bf4 Bg7 8. Qa4+ Bd7 9. Qb3 0-0 10. Bxd6 Ba4 11. Qxa4 Qxd6 12. Rd1 Nbd7 13. e3 a6 14. Be2 b5 15. Qb3 c4 16. Qc2 Rfe8 17. 0-0 Nb6 18. Nd4 Nfxd5 19. Bf3 Nxc3 20. bxc3 Qa3 21. Bxa8 Rxa8 22. Rd2 Na4 23. Rc1 Nc5 24. h3 Rc8 25. Rcd1 h5 26. Qb2 Qa5 27. Ne2 Nd3 28. Rxd3 cxd3 29. Rxd3 b4 30. cxb4 Bxb2 31. bxa5 Rc2 32. Nd4 Bxd4 33. Rxd4 Rxa2 34. Rd5 Kg7 35. g3 Kg8 36. Kg2 Kg7 37. Kf3 Kg8 38. Rc5 Kg7 39. g4 hxg4+ 40. hxg4 Kg8 41. Kg3 Kg7 42. f3 Ra3 43. Kf4 Ra4+ 44. Ke5 Ra3 45. Kf4 Ra4+ 46. e4 Ra3 47. g5 Kf8 48. Rc8+ Ke7 49. Rc7+ Ke8 50. Rc5 Ke7 51. Kg4 Kd6 52. Rd5+ Ke7 53. f4 Re3 54. Re5+ Kf8 55. f5 gxf5+ 56. Kxf5 Rf3+ 57. Kg4 Ra3 58. Rc5 Kg7 59. Kf5 Ra2 60. Ke5 Kg6 61. Rc6+ Kxg5 62. Rxa6 f6+ 63. Kd5 Rd2+ 64. Kc5 Rc2+ 65. Kb4 Re2 66. Re6 Rb2+ 67. Kc5 f5 68. exf5 Kxf5 69. Re3 Ra2 70. Kb6 Kf4 71. Re1 Rb2+ 72. Ka7 Kf5 73. a6 Kf6 74. Ka8 Kf7 75. Rc1 Ke7 76. Rc7+ Kd6 77. Rb7 Ra2 78. a7 Rh2 79. Rb8 Kc7 80. Rf8 Rb2 81. Rf7+ Kc8 82. Rf8+ Kc7 83. Rf7+ Kc8 84. Rf6 Rb1 85. Rc6+ Kd7 86. Rc5 Kd8 87. Rc4 Kd7 88. Rc3 Kd8 89. Rd3+ Kc7 90. Rh3 Kc8 91. Rh7 Rb2 92. Rh8+ Kc7 93. Rb8 Rf2 94. Rb7+ Kc8 95. Rc7+ Kxc7 1/2-1/2

[Event "Titled Tuesday intern op 29th Nov Late"]
[Site "Chess.com INT"]
[Date "2022.11.29"]
[Round "4"]
[White "Bobkov, Vadim"]
[Black "Lopez Mulet, Inigo"]
[Result "1-0"]
[WhiteElo "2249"]
[BlackElo "2389"]
[PlyCount "67"]
[EventDate "2022.11.29"]
[EventType "swiss (blitz)"]
[EventRounds "11"]
[EventCountry "USA"]
[SourceTitle "EXT 2024"]
[Source "ChessBase"]
[SourceDate "2023.10.10"]
[SourceVersion "1"]
[SourceVersionDate "2023.10.10"]
[SourceQuality "1"]

1. d4 Nf6 2. Nf3 b6 3. g3 Bb7 4. Bg2 e6 5. 0-0 Be7 6. c4 0-0 7. Nbd2 d5 8. b3 Nbd7 9. Bb2 Ne4 10. Rc1 f5 11. Ne5 Nxe5 12. dxe5 Bb4 13. Nf3 Qe7 14. Qc2 Rac8 15. Rfd1 Rfd8 16. Nd4 c5 17. Nb5 a6 18. Nd6 Nxd6 19. exd6 Rxd6 20. cxd5 exd5 21. a3 Ba5 22. Qxf5 Rf8 23. Qd3 b5 24. Rxc5 Bb6 25. Bd4 Re6 26. Bxd5 Bxd5 27. Rxd5 Bxd4 28. Qxd4 Rxe2 29. Rd7 Re1+ 30. Rxe1 Qxe1+ 31. Kg2 Rf7 32. Rd8+ Rf8 33. Qd5+ Kh8 34. Rxf8# 1-0